000 00429nam a22001817a 4500
003 MPLRDC
005 20220104123843.0
008 210129b ||||| |||| 00| 0 eng d
020 _a957-718-139-2
082 _a177.2 LM-2
100 _a陆明编著
245 _a如何撑握成功的契机
_c
260 _a
_b满庭芳出版社
_c
300 _b
490 _a满庭芳丛书
650 _a
942 _cBK
_o177.2 LM-2
999 _c14719
_d14709